00257nam a2200097 a 4500001000500000005001700005008004100022050002400063100001900087245005300106414020140414131952.0090218s19uu xx 00 eng d aTR 428.4bM11N 2004 aMah, May S. M. aNell and Dell at the ball game, series 2-Book 6.